000 00791nam a2200253Ii 4500
003 JO-AjNU
005 20240504091623.0
008 230605s9999||||xx |||||||||||||| ||und||
040 _aJO-AjNU
_bara
_erda
_cJO-AjNU
041 _aara
050 1 4 _aAG196.A7.B312.1994
100 1 _aبرهوم،محمود
_eauthor
_965422
245 0 0 _aبنك المعلومات للاطفال 18
250 _aط1
264 3 1 _aعمان:دار الفكر للطباعة والنشر والتوزيع ،1994
300 _a96ص
336 _atext
_btxt
_2rdacontent
337 _aunmediated
_bn
_2rdamedia
338 _avolume
_bnc
_2rdacarrier
490 0 _aالسلسلة العلمية
650 4 _aمعارف عامة
_98857
700 1 _aنقولا، ناصر
_965423
_eمترجم
942 _2lcc
_cBK
999 _c4569
_d4569